Social'nyje aspekty upravlenija dlja rukovodjaščich upravlenčeskich kadrov
Enregistré dans:
| Format: | Livre |
|---|---|
| Langue: | russe |
| Publié: |
Moskva
Ekonomika
1981
|
| Collection: | Sistema ekonomičeskogo obrazovanija
|
| Tags: |
Pas de tags, Soyez le premier à ajouter un tag!
|
MARC
| LEADER | 00000nam a2200000 4500 | ||
|---|---|---|---|
| 001 | c130996 | ||
| 005 | 20240223092620.4 | ||
| 041 | 0 | |a rus | |
| 044 | |a RU | ||
| 245 | 1 | 0 | |a Social'nyje aspekty upravlenija |b dlja rukovodjaščich upravlenčeskich kadrov |c Pod red. R.A. Belousova, G.Ja. Frolova |
| 264 | 1 | |a Moskva |b Ekonomika |c 1981 | |
| 300 | |a 215 s. | ||
| 490 | 1 | |a Sistema ekonomičeskogo obrazovanija | |
| 830 | 0 | |a Sistema ekonomičeskogo obrazovanija | |